Construction economics (Record no. 121107)

MARC details
000 -LEADER
fixed length control field 01028nam a22002657a 4500
001 - CONTROL NUMBER
control field K121107
008 - FIXED-LENGTH DATA ELEMENTS--GENERAL INFORMATION
fixed length control field 160218b2019 xxu||||| |||| 00| 0 eng d
020 ## - INTERNATIONAL STANDARD BOOK NUMBER
ISBN 9781315645698
041 ## - LANGUAGE CODE
Language code of text/sound track or separate title eng
100 ## - MAIN ENTRY--PERSONAL NAME
Personal author Myers, Dany
245 ## - TITLE STATEMENT
Title Construction economics
250 ## - EDITION
Edition statement 4th
260 ## - PUBLICATION INFORMATION
Publisher Routledge Ltd
Date 2016
300 ## - PHYSICAL DESCRIPTION
Physical description 359p
Other physical details Ebook
520 ## - ABSTRACT
Abstract Examines the relationship between economic theory and the construction industry with key focus on sustainable construction. Provides an overview of the economy and construction markets since the global 2008 financial crisis looking at the challenges of changing government policy, adapting to climate change, adopting BIM, and reducing costs.
521 ## - TARGET AUDIENCE NOTE
Target audience note Students
650 ## - KEYWORDS
Keywords CONSTRUCTION
650 ## - KEYWORDS
Keywords EBOOK
650 ## - KEYWORDS
Keywords ECONOMICS
650 ## - KEYWORDS
Keywords SUSTAINABILITY
651 ## - SUBJECT ADDED ENTRY--GEOGRAPHIC NAME
Geographic name United Kingdom
690 ## - BROAD SUBJECT
9 (RLIN) 6230
Broad subject Construction management
856 ## - ONLINE RESOURCE
Uniform Resource Identifier <a href="https://www.vlebooks.com/">https://www.vlebooks.com/</a>
Public note View on VLEbooks. Logins for members only from [email protected]
942 ## - ADDED ENTRY ELEMENTS (KOHA)
Suppress in OPAC Do not suppress in OPAC
Holdings
Lost status Source of classification or shelving scheme Damaged status Not for loan Home library Current library Shelving location Date acquired Total Checkouts Full call number Date last seen Price effective from Koha item type
  Dewey Decimal Classification     Virtual Virtual Online 12/09/2019   EBOOK 23/03/2023 12/09/2019 Online material